000 00387nam a22001337a 4500
020 _a0-408-03957-4
082 _a658.5 PRA"P
100 _aFRANKEL, E. G
_967320
245 _aPROJECT MANAGEMENT IN ENGINEERING SERVICE AND DEVELOPMENT
260 _aLONDON
_bBUTTERWORTH
_c1990
300 _aX, 358P
650 _aENGINEERING MANAGEMENT INDUSTRIAL PROJECT MANAGEMENT
_957178
942 _cBK
999 _c575129
_d575129